Outside the box: unconventional monetary policy in the great recession and beyond (Record no. 509963)

000 -LEADER
fixed length control field 00441nam a2200145 4500
008 - FIXED-LENGTH DATA ELEMENTS--GENERAL INFORMATION
fixed length control field 190711b ||||| |||| 00| 0 eng d
100 ## - MAIN ENTRY--PERSONAL NAME
Personal name Kuttner, Kenneth N.
245 ## - TITLE STATEMENT
Title Outside the box: unconventional monetary policy in the great recession and beyond
260 ## - PUBLICATION, DISTRIBUTION, ETC. (IMPRINT)
Date of publication, distribution, etc 2018
300 ## - PHYSICAL DESCRIPTION
Extent p.121-146.
650 ## - SUBJECT ADDED ENTRY--TOPICAL TERM
Topical term or geographic name as entry element Great recession
9 (RLIN) 6905
773 ## - HOST ITEM ENTRY
Main entry heading Journal of Economic Perspectives
906 ## - LOCAL DATA ELEMENT F, LDF (RLIN)
Subject DIP Monetary policy
942 ## - ADDED ENTRY ELEMENTS (KOHA)
Source of classification or shelving scheme
Item type Articles
Holdings
Withdrawn status Lost status Source of classification or shelving scheme Damaged status Not for loan Permanent location Current location Date acquired Serial Enumeration / chronology Barcode Date last seen Koha item type
          Indian Institute of Public Administration Indian Institute of Public Administration 2019-07-11 32(4), Fall, 2018: p.121-146. AR120050 2019-07-11 Articles

Powered by Koha